000 02591nam a2200373Ia 4500
008 0000001998 fr d 0000000000ita00
020 _a2909290158
090 _aPSP00 U53l
110 1 _aUnión Latina. Dirección de Cultura y Comunicaciones. París. Francia
245 1 0 _aLuci del secolo d'oro spagnolo
_c/ Unione Latina, Direzione Cultura e Comunicazione ; curatori Fernando Checa Cremades (Spagna), Edouard Pommier (Unione Latina), Andrea Emiliani (Italia)
300 _a253 p.
_c/ 25 cm.
500 _aExposición realizada en la Pinacoteca Nacional de Bolonia, Italia, del 8 de febrero al 13 de abril de 1998 \ Incluye datos biográficos, bibliográficos y cronólogicos de los artistas y las obras \ Proyecto Ganador Programa Apoyos Concertados FGAA 2010
501 _aLa pittura spagnola del secolo d'Oro / Alfonso E. Pérez Sánchez L'immagine del santo nella Spagna della Controriforma / Fernando Checa Cremades Pittura e pensiero nella Corte di Spagna agli inizi del XVII secolo / Javier Portus Pittura napoletana del Seicento in Spagna / Nicola Spinoza
505 _aARTISTAS EN LA EXPOSICION: José Antolinez Juan de Arellano Pedro Atanasio Bocanegra Eugenio Cajés Francisco Camilo Pedro Camprobín Passano Alonso Cano Juan Carreño de Miranda Vicente Castelló Antonio del Castillo Saavedra Juan del Castillo Mateo Cerezo Claudio Coello Juan Antonio de Frias y Escalante Jerónimo Jacinto de Espinosa El Greco Francisco de Herrera, el viejo Jusepe Leonardo Juan Bautista Maino Bartolomé Esteban Murillo Pedro de Orrente Francisco PAcheco Juan Pantoja de la Cruz Juan de Pareja Antonio de Pereda Antonio Ponce Francisco Ribalta José de Rivera, El españoleto Francisco Rizi Fray Juan Rizi Juan de Roleas Vicente Salvador Gómez Juan de Valdés Leal Tomás Yepes Diego Velázquez Francisco de Zurbarán Juan de Zurbarán
610 _a PINACOTECA NAZIONALE DI BOLOGNA. ITALIA/
_xEXPOSICIONES/
_xCATALOGOS
650 1 4 _a PINTURA ESPAÑOLA
650 1 4 _aARTE RELIGIOSO ESPAÑOL
650 1 4 _aARTE RELIGIOSO ESPAÑOL
650 1 4 _aARTE RELIGIOSO ESPAÑOL
650 1 4 _xCATALOGOS
650 1 4 _xEXPOSICIONES
650 1 4 _aHISTORIA
650 1 4 _aHISTORIA Y CRITICA
650 1 4 _aNATURALEZA MUERTA EN EL ARTE
650 1 4 _aPINTURA ESPAÑOLA
650 1 4 _aPINTURA ESPAÑOLA
650 1 4 _aPINTURA ESPAÑOLA
650 1 4 _aSANTOS CRISTIANOS EN EL ARTE
650 1 4 _aSIGLO XVII
650 1 4 _aSIGLO XVII
650 1 4 _aSIGLO XVII
650 1 4 _aSIGLO XVII
999 _c12715
_d12715
260 _aParis : Union Latine
_c1998